Haneda Airport Destinations (Tokyo, Japan) - Statistics

General Stats
  • This quiz has been taken 271 times
    40 since last reset
  • The average score is 62 of 105
Answer Stats
Airline Destination % Correct
All Nippon Airways/Japan Airlines Osaka (Itami)
100%
All Nippon Airways/Japan Airlines/StarFlyer Osaka (Kansai)
100%
Air India/All Nippon Airways/Japan Airlines Delhi
97%
Emirates Dubai (International)
97%
All Nippon Airways/Garuda Indonesia Jakarta (Soekarno-Hatta)
97%
All Nippon Airways/Japan Airlines/United Airlines San Francisco
97%
All Nippon Airways/Asiana Airlines/Japan Airlines/Korean Air Seoul (Gimpo)
97%
Asiana Airlines/Korean Air/Peach Seoul (Incheon)
97%
All Nippon Airways/China Airlines/EVA Air/Japan Airlines Taipei (Songshan)
97%
Peach/Tigerair Taiwan Taipei (Taoyuan)
97%
All Nippon Airways/Japan Airlines/Thai Airways International Bangkok (Suvarnabhumi)
94%
Air China/All Nippon Airways/Japan Airlines Beijing (Capital)
94%
China Eastern Airlines/China Southern Airlines Beijing (Daxing)
94%
Japan Airlines/Qatar Airlines Doha
94%
Finnair/Japan Airlines Helsinki
94%
All Nippon Airways/American Airlines/Delta Air Lines/Japan Airlines/United Airlines Los Angeles
94%
All Nippon Airways/China Eastern Airlines/Japan Airlines/Shanghai Airlines Shanghai (Hongqiao)
94%
All Nippon Airways/China Eastern Airlines/Japan Airlines/Juneyao Air/Peach/Shanghai Airlines/Spring Airlines Shanghai (Pudong)
94%
Vietnam Airlines Hanoi
92%
All Nippon Airways/Japan Airlines/VietJet Air Ho Chi Minh City
92%
All Nippon Airways/Cathay Pacific/HK Express/Japan Airlines Hong Kong
92%
All Nippon Airways/British Airways/Japan Airlines London (Heathrow)
92%
All Nippon Airways/Japan Airlines/Qantas Sydney
92%
Delta Air Lines Atlanta
89%
All Nippon Airways/Lufthansa Frankfurt
89%
All Nippon Airways/Turkish Airlines Istanbul
89%
Air India Mumbai (Shivaji)
89%
Air France/All Nippon Airways/Japan Airlines Paris (Charles de Gaulle)
89%
All Nippon Airways/Japan Airlines/Scoot/Singapore Airlines Singapore
89%
All Nippon Airways/Japan Airlines/United Airlines Chicago (O'Hare)
86%
Scandinavian Airlines Copenhagen
86%
American Airlines/Japan Airlines Dallas/Fort Worth
86%
All Nippon Airways/Delta Air Lines/Hawaiian Airlines/Japan Airlines Honolulu
86%
AirAsia X/All Nippon Airways/Malaysia Airlines Kuala Lumpur (International)
86%
ANA Wings/Japan Airlines Nagoya (Centrair)
86%
All Nippon Airways/American Airlines/Japan Airlines New York (JFK)
86%
Air Do/All Nippon Airways/Japan Airlines/Skymark Airlines/Spring Airlines Japan Sapporo (Chitose)
86%
All Nippon Airways/Japan Airlines/Philippine Airlines Manila
83%
ITA Airways Rome (Fiumicino)
83%
Air Canada Toronto (Pearson)
83%
All Nippon Airways/China Southern Airlines/Japan Airlines Guangzhou
81%
All Nippon Airways Vancouver
81%
All Nippon Airways Houston (Intercontinental)
78%
All Nippon Airways/Lufthansa Munich
78%
All Nippon Airways/Japan Airlines/Solaseed Air Nagasaki
78%
All Nippon Airways Shenzhen
78%
Tianjin Airlines/XiamenAir Tianjin
78%
Delta Air Lines Detroit
75%
All Nippon Airways/Japan Airlines/Skymark Airlines/StarFlyer Fukuoka
75%
United Airlines Guam
75%
All Nippon Airways/Delta Air Lines Seattle/Tacoma
75%
All Nippon Airways/Japan Airlines Hiroshima
72%
All Nippon Airways Milan (Malpensa)
69%
All Nippon Airways/United Airlines Washington (Dulles)
69%
All Nippon Airways/Japan Airlines/Skymark Airlines/Solaseed Air Naha
67%
VietJet Air Da Nang
64%
Delta Air Lines Minneapolis/St. Paul
64%
All Nippon Airways/Skymark Airlines Kobe
61%
All Nippon Airways Stockholm (Arlanda)
61%
United Airlines Newark
58%
Virgin Australia Cairns
53%
All Nippon Airways/Japan Airlines/Skymark Airlines/Solaseed Air Kagoshima
53%
All Nippon Airways Vienna
53%
Japan Airlines Aomori
50%
Air Do/All Nippon Airways/Japan Airlines Hakodate
50%
All Nippon Airways/Japan Airlines Akita
47%
Japan Airlines Dalian
42%
All Nippon Airways/Japan Airlines/Solaseed Air Ōita
39%
All Nippon Airways/Japan Airlines Okayama
39%
All Nippon Airways/Japan Airlines/Solaseed Air Kumamoto
36%
Air Do/Japan Airlines Asahikawa
33%
Japan Airlines/Spring Airlines Japan/StarFlyer Kitakyūshū
33%
All Nippon Airways Qingdao
33%
All Nippon Airways/Japan Airlines Matsuyama
31%
All Nippon Airways Saga
31%
All Nippon Airways/Japan Airlines Kōchi
28%
All Nippon Airways Tottori
28%
All Nippon Airways/Japan Airlines Ishigaki
25%
All Nippon Airways/Japan Airlines/Solaseed Air Miyazaki
25%
All Nippon Airways/Japan Airlines Tokushima
22%
All Nippon Airways Toyama
22%
All Nippon Airways Iwakuni
19%
All Nippon Airways/Japan Airlines Komatsu
19%
Air Do/Japan Airlines Kushiro
19%
All Nippon Airways/Japan Airlines Takamatsu
19%
All Nippon Airways Wakkanai
19%
Japan Airlines Izumo
17%
Malaysia Airlines Kota Kinabalu
17%
Air Do/Japan Airlines Obihiro
17%
Japan Airlines Yamagata
17%
All Nippon Airways Yonago
17%
Air Do/Japan Airlines Memanbetsu
14%
All Nippon Airways/Japan Airlines/StarFlyer Ube
14%
Japan Airlines Amami Ōshima
11%
All Nippon Airways/Japan Airlines Miyako
11%
Japan Airlines Misawa
8%
Skymark Airlines Shimojishima
8%
Japan Airlines Shirahama
8%
All Nippon Airways Shonai
8%
All Nippon Airways Iwami
6%
All Nippon Airways Monbetsu
6%
All Nippon Airways Nakashibetsu
3%
All Nippon Airways Odate/Noshiro
3%
All Nippon Airways Wajima
3%
All Nippon Airways Hachijojma
0%
No matching quizzes found
Score Distribution
Percent of People with Each Score
Percentile by Number Answered
Your Score History
You have not taken this quiz since the last reset